000 00462nam a2200169Ia 4500
999 _c407
_d407
003 OSt
005 20210903115406.0
008 190216s9999||||xx |||||||||||||| ||und||
040 _coclc
082 _a491.439
_bNAD/H
100 _aNadwi, Mukhthar Ahmed
_98769
245 0 _aHajju Masnun /
_cMukhthar Ahmed Nadwi
260 _bAl Darul Sulfiyyath,
300 _a240p
650 _aArabic
942 _cBK
_2ddc
_h491.439
_iNAD/H
_k491.439
_mNAD/H